01318nam a22002417a 450000500170000001000150001702000280003203500130006003700130007308200100008610000160009624500610011226000410017327000830021430000240029750000510032150504680037265000430084065000290088394200240091299900170093695201230095320150410103753.0 aENG-112450 a9788132118466c695.00  aEN-95982 bDBAD/PUB a891.4 aDutta, Juri aEthnic worlds in select Indian fiction /cby Juri Dutta  aNew Delhi bSage Publiocationsc2014 aB-1/I-1, Mohan Cooperative Industrial Area, Mathura Road, bNew Delhi e110044 axii,152p.c23cm(Hb) aIncludes bibliographical references and index  aThe tradition of Assamese ethnographic novels -- Forests, human rights and development: a cross-cultural study of select novels of Yeshe Dorjee Thongchi, Pratibha Ray and Mahasweta Devi -- Folkloric materials in ethnic novels (with special reference to Narayan, Rong Bong -- Terang, Lummer Dai, Yeshe Dorjee Thongchi and Sishuram Pegu) -- A feminist reading of Kanyar Mulya (Lummer Dai), Alma Kabutari (Maitreyi Pushpa) and select short stories of Mahasweta Devi. aIndic fiction xHistory and criticism. aEthnicity in literature. 2ddccENmDUTh891.4 c92643d92643 001040718NFICaDBADbDBADd2015-03-31eDBAD/PUBg695.00l0o891.4 DUTpEN-95982r2015-03-31 00:00:00t1v695.00yEN